000 00531nam a22001817a 4500
003 CEME
005 20210628203920.0
008 210305b xxu||||| |||| 00| 0 eng d
020 _a0-00-638382-3
040 _c.
082 _a338.5443 MCR
100 _aMcrae Hamish
_912769
245 _aThe world in 2020 , power culture and prosperity a vision of the future
260 _aLONDON
_bISLAMIC PUBLICATIONS
_c1994
300 _aXIII,302P
650 _aECNOMIC HISTORY. TWENTY FIRST CENTURY FORCLOSING.
_967837
942 _cBK
_2ddc
999 _c575531
_d575531